000 00719nam a2200229 a 4500
001 24566
003 CO-ViMGA
008 141112s2004 ck r 000 u spa d
020 _a9788493486372
040 _aCO-ViMGA
_bspa
_cCO-ViMGA
090 _aARCs
100 1 _aArciniegas, Triunfo, 1957 -
_931
245 1 0 _aSeñoras y señores /
_cTriunfo Arciniegas, Laura Stagno.
260 _aColombia :
_bEdiciones Ekaré,
_c2007.
300 _a[32] p. : il. ; 16 cm.
490 _aColección rimas y adivinanzas
650 1 4 _aCuentos infantiles colombianos - Siglo XXI
_936564
650 1 4 _aLibros de imagenes para niños
_936565
700 1 _aStagno, Laura, il.
_936566
917 _a4093 20070724
942 _2ddc
_cBK
999 _c32390
_d32390